[Event "Caioba Telecom op 5th"]
[Site "Caioba"]
[Date "2019.08.14"]
[Round "5"]
[White "Fernandez, Maria Florencia"]
[Black "Librelato, Ana Julia Goulart"]
[Result "1-0"]
[WhiteElo "2229"]
[BlackElo "1704"]
[PlyCount "61"]
[EventDate "2019.08.12"]
[EventType "swiss"]
[EventRounds "9"]
[EventCountry "BRA"]
[SourceTitle "EXT 2020"]
[Source "ChessBase"]
[SourceDate "2019.10.17"]
[SourceVersion "1"]
[SourceVersionDate "2019.10.17"]
[SourceQuality "1"]

1. d4 d5 2. c4 e6 3. Nc3 Nf6 4. Bg5 Be7 5. cxd5 Nxd5 6. Bxe7 Qxe7 7. e4 Nf6 8. Nf3 0-0 9. Bd3 b6 10. e5 Nd5 11. Nxd5 exd5 12. Qc2 h6 13. 0-0 Bb7 14. Rac1 c6 15. Rfe1 Bc8 16. Qd2 Be6 17. Bb1 Rc8 18. Qd3 g6 19. Qe3 Kg7 20. Nd2 Nd7 21. f4 Nf8 22. Qg3 Qd7 23. Nf3 Bf5 24. Bxf5 Qxf5 25. Nh4 Qd7 26. f5 Kh7 27. e6 Qe7 28. exf7 Qxf7 29. fxg6+ Nxg6 30. Nxg6 Qxg6 31. Re7+ 1-0

[Event "Caioba Telecom op 5th"]
[Site "Caioba"]
[Date "2019.08.13"]
[Round "3"]
[White "Calcado, Acyr Rogerio"]
[Black "Librelato, Ana Julia Goulart"]
[Result "1-0"]
[WhiteElo "2136"]
[BlackElo "1704"]
[PlyCount "67"]
[EventDate "2019.08.12"]
[EventType "swiss"]
[EventRounds "9"]
[EventCountry "BRA"]
[SourceTitle "EXT 2020"]
[Source "ChessBase"]
[SourceDate "2019.10.17"]
[SourceVersion "1"]
[SourceVersionDate "2019.10.17"]
[SourceQuality "1"]

1. e4 e5 2. Nf3 Nc6 3. d4 exd4 4. Bc4 Nf6 5. e5 d5 6. Bb5 Ne4 7. Nxd4 Bd7 8. Bxc6 bxc6 9. 0-0 Bc5 10. f3 Ng5 11. Be3 Ne6 12. c3 Bb6 13. f4 Nxd4 14. cxd4 Bf5 15. Nd2 0-0 16. Rc1 Qd7 17. Qa4 Bd3 18. Rfe1 Bb5 19. Qc2 Rab8 20. a4 Ba6 21. b4 Bb7 22. a5 Rfe8 23. axb6 cxb6 24. f5 Qe7 25. Qc3 Ra8 26. Nf3 f6 27. Bf4 Qf7 28. Qd3 Rf8 29. b5 Rac8 30. exf6 Qxf6 31. Bg5 Qxf5 32. Qxf5 Rxf5 33. Re7 cxb5 34. Rxb7 1-0

[Event "Caioba Telecom op 5th"]
[Site "Caioba"]
[Date "2019.08.12"]
[Round "1"]
[White "Martins, Carlos"]
[Black "Librelato, Ana Julia Goulart"]
[Result "1-0"]
[WhiteElo "2222"]
[BlackElo "1704"]
[PlyCount "59"]
[EventDate "2019.08.12"]
[EventType "swiss"]
[EventRounds "9"]
[EventCountry "BRA"]
[SourceTitle "EXT 2020"]
[Source "ChessBase"]
[SourceDate "2019.10.17"]
[SourceVersion "1"]
[SourceVersionDate "2019.10.17"]
[SourceQuality "1"]

1. e4 e5 2. Nf3 Nc6 3. d4 exd4 4. Nxd4 Nf6 5. Nc3 Bb4 6. Nxc6 bxc6 7. Bd3 0-0 8. 0-0 d5 9. exd5 cxd5 10. h3 c6 11. Qf3 h6 12. Bf4 Bd6 13. Rfe1 Rb8 14. Rab1 Be6 15. Ne2 c5 16. c3 Re8 17. a3 a5 18. Red1 Rb6 19. b3 Ne4 20. Bxe4 dxe4 21. Qg3 Re7 22. Rxd6 Rxd6 23. Bxd6 Rd7 24. Bxc5 Rd1+ 25. Rxd1 Qxd1+ 26. Kh2 Qxe2 27. Bd4 Kf8 28. Qb8+ Ke7 29. Qc7+ Bd7 30. Bc5+ 1-0

[Event "Concordia op 5th"]
[Site "Concordia"]
[Date "2019.05.03"]
[Round "6"]
[White "Tramontini, Renan Cesar"]
[Black "Librelato, Ana Julia Goulart"]
[Result "0-1"]
[WhiteElo "1817"]
[BlackElo "1656"]
[PlyCount "100"]
[EventDate "2019.05.01"]
[EventType "swiss"]
[EventRounds "9"]
[EventCountry "BRA"]
[SourceTitle "CBM 190 Extra"]
[Source "ChessBase"]
[SourceDate "2019.07.15"]
[SourceVersion "1"]
[SourceVersionDate "2019.07.15"]
[SourceQuality "1"]

1. e4 e5 2. Nc3 Nc6 3. f4 exf4 4. Nf3 Nf6 5. Bc4 h6 6. 0-0 d6 7. d4 g5 8. e5 dxe5 9. Re1 Be7 10. Nxe5 Nxe5 11. Rxe5 0-0 12. Qd3 Kg7 13. h4 Bd6 14. Re2 Bg4 15. Bd2 Bxe2 16. Nxe2 Qd7 17. b4 Qg4 18. hxg5 hxg5 19. Rf1 Rh8 20. d5 Rh6 21. Nd4 Kg8 22. Nf5 Rh7 23. Bc3 Nh5 24. Rf3 Ng3 25. Nxg3 fxg3 26. Be1 Qh4 27. Bxg3 Qh1+ 28. Kf2 Bxb4 29. Qe4 Bc5+ 30. Ke2 Qxg2+ 31. Kd3 Qg1 32. d6 Bxd6 33. Qg6+ Kh8 34. Qf6+ Rg7 35. Bxd6 Qd1+ 36. Ke4 Qe1+ 37. Kf5 Qh1 38. Qc3 Kg8 39. Rh3 Qc6 40. Be5 Qg6+ 41. Kg4 Rh7 42. Rxh7 Qxh7 43. Kxg5 Re8 44. Bd3 Qh3 45. Qxc7 Qe3+ 46. Kf5 Qf3+ 47. Bf4 Qh5+ 48. Bg5 Qf3+ 49. Qf4 Qh3+ 50. Qg4 Re5+ 0-1

[Event "Concordia op 5th"]
[Site "Concordia"]
[Date "2019.05.01"]
[Round "2"]
[White "Piccoli, Lucas Fonseca"]
[Black "Librelato, Ana Julia Goulart"]
[Result "1-0"]
[WhiteElo "2008"]
[BlackElo "1656"]
[PlyCount "55"]
[EventDate "2019.05.01"]
[EventType "swiss"]
[EventRounds "9"]
[EventCountry "BRA"]
[SourceTitle "CBM 190 Extra"]
[Source "ChessBase"]
[SourceDate "2019.07.15"]
[SourceVersion "1"]
[SourceVersionDate "2019.07.15"]
[SourceQuality "1"]

1. g3 g6 2. Bg2 Bg7 3. e4 d6 4. d4 Nf6 5. Nc3 0-0 6. Nge2 Nbd7 7. 0-0 c5 8. h3 cxd4 9. Nxd4 Nc5 10. Be3 Bd7 11. f4 Qc7 12. g4 Na4 13. Nxa4 Bxa4 14. Qd3 Nd7 15. c3 Nc5 16. Qe2 Bd7 17. f5 Rab8 18. g5 Rfe8 19. h4 e6 20. f6 Bf8 21. h5 e5 22. hxg6 hxg6 23. Nc2 Qc8 24. Bf3 Be6 25. Rf2 Rd8 26. Rh2 d5 27. Qf2 Bg7 28. Bxc5 1-0

[Event "BRA-ch U18 Girls"]
[Site "Sao Paulo"]
[Date "2018.03.31"]
[Round "4"]
[White "Librelato, Ana Julia Goulart"]
[Black "Lisboa, Joana Cunha"]
[Result "1-0"]
[WhiteElo "1659"]
[BlackElo "1509"]
[PlyCount "155"]
[EventDate "2018.03.29"]
[EventType "swiss"]
[EventRounds "6"]
[EventCountry "BRA"]
[SourceTitle "EXT 2019"]
[Source "ChessBase"]
[SourceDate "2018.10.10"]
[SourceVersion "1"]
[SourceVersionDate "2018.10.10"]
[SourceQuality "1"]

1. e4 e6 2. d4 d5 3. Nc3 Bb4 4. e5 c5 5. a3 Bxc3+ 6. bxc3 Ne7 7. h4 Qc7 8. Nf3 Nbc6 9. h5 h6 10. Rh4 Bd7 11. Rb1 cxd4 12. cxd4 Rc8 13. Bd2 a6 14. Bd3 f6 15. Qe2 b5 16. Rg4 Kf7 17. Bf4 f5 18. Rg3 Qa5+ 19. Bd2 Qxa3 20. Qd1 Qa4 21. Ra1 Nxd4 22. Rxa4 Nxf3+ 23. Rxf3 bxa4 24. Bb4 Ra8 25. Qa1 Nc6 26. Bd6 Rhc8 27. Rf4 Na5 28. Qb2 Nc6 29. g4 g5 30. hxg6+ Kxg6 31. Qc1 Nd8 32. Qe3 Nf7 33. gxf5+ exf5 34. Qg3+ Ng5 35. Rd4 Kh7 36. Rxd5 Rg8 37. Qf3 Nxf3+ 38. Ke2 Ng5 39. Ba3 Be6 40. Rd6 Kg7 41. f4 Nh3 42. Kf3 Kf7 43. Bxa6 Rad8 44. Rb6 Bd5+ 45. Ke2 Nxf4+ 46. Kd2 Bb3+ 47. Ke1 Rg1+ 48. Kf2 Rg2+ 49. Kf3 Rdd2 50. Kxf4 Rdf2+ 51. Ke3 f4+ 52. Kd4 Rd2+ 53. Ke4 Bxc2+ 54. Kxf4 Bb3 55. Rxh6 Be6 56. Rf6+ Kg7 57. Rxe6 Ra2 58. Bc5 Rgc2 59. Bd4 Rc7 60. Rb6 Rd2 61. Ke3 Rd1 62. Be2 Rh1 63. Ra6 Rh3+ 64. Ke4 a3 65. Bf3 Rh4+ 66. Kd3 Kf7 67. Rxa3 Rd7 68. Ra4 Ke6 69. Ke3 Ke7 70. Rb4 Ke6 71. Rb6+ Kf7 72. e6+ Ke8 73. Bc6 Rh3+ 74. Kf2 Ke7 75. exd7 Rd3 76. Bc5+ Kd8 77. Rb8+ Kc7 78. Rc8# 1-0

[Event "Catarinense-ch (Women)"]
[Site "Concordia"]
[Date "2018.02.23"]
[Round "2"]
[White "Librelato, Ana Julia Goulart"]
[Black "Dull, Amanda Paul"]
[Result "0-1"]
[WhiteElo "1679"]
[BlackElo "1859"]
[PlyCount "84"]
[EventDate "2018.02.23"]
[EventType "swiss"]
[EventRounds "6"]
[EventCountry "BRA"]
[SourceTitle "EXT 2019"]
[Source "ChessBase"]
[SourceDate "2018.10.10"]
[SourceVersion "1"]
[SourceVersionDate "2018.10.10"]
[SourceQuality "1"]

1. e4 Nf6 2. e5 Nd5 3. d4 d6 4. Nf3 dxe5 5. Nxe5 e6 6. Be2 Be7 7. 0-0 Nd7 8. Nf3 0-0 9. c4 N5f6 10. Nc3 c5 11. dxc5 Bxc5 12. Bf4 b6 13. Nb5 a6 14. Nd6 Qe7 15. Nxc8 Rfxc8 16. Qc2 h6 17. Rad1 e5 18. Bc1 Nf8 19. a3 a5 20. h3 e4 21. Nd4 Qe5 22. Nb3 Bd6 23. g3 Ne6 24. Rfe1 a4 25. Nd2 Nd4 26. Qb1 Nxe2+ 27. Rxe2 Qh5 28. Ree1 e3 29. Ne4 exf2+ 30. Kxf2 Qf5+ 31. Kg2 Nxe4 32. Qxe4 Qc5 33. Rd5 Qc7 34. Qf3 Bf8 35. Rd4 Ra5 36. Red1 Qe7 37. Rd7 Qe6 38. Rb7 Rf5 39. Qd3 Qc6+ 40. Kg1 Bc5+ 41. Be3 Bxe3+ 42. Qxe3 Qxb7 0-1

[Event "BRA-ch U20 Girls"]
[Site "Florianopolis"]
[Date "2017.10.29"]
[Round "6"]
[White "Librelato, Ana Julia Goulart"]
[Black "Librelato, Kathie Goulart"]
[Result "1/2-1/2"]
[WhiteElo "1697"]
[BlackElo "2082"]
[PlyCount "60"]
[EventDate "2017.10.27"]
[EventType "swiss"]
[EventRounds "6"]
[EventCountry "BRA"]
[SourceTitle "CBM 181 Extra"]
[Source "ChessBase"]
[SourceDate "2017.12.12"]
[SourceVersion "1"]
[SourceVersionDate "2017.12.12"]
[SourceQuality "1"]

1. e4 e5 2. Nf3 Nc6 3. Bb5 a6 4. Ba4 Nf6 5. 0-0 Be7 6. Re1 b5 7. Bb3 d6 8. c3 0-0 9. h3 Nb8 10. d4 Nbd7 11. Nbd2 Bb7 12. a4 c5 13. d5 c4 14. Bc2 Nc5 15. Nf1 Qb8 16. Ng3 Bc8 17. axb5 Qxb5 18. Qe2 Bd7 19. Nd2 Nd3 20. Bxd3 cxd3 21. Qf3 Rfc8 22. Re3 Qb7 23. Rxd3 Bb5 24. Re3 Bd8 25. Re1 a5 26. Ndf1 a4 27. Nf5 Ne8 28. N1g3 Bc4 29. Qg4 Kh8 30. h4 Qb3 1/2-1/2

[Event "American Continental (Women) 10th"]
[Site "Villa Martelli"]
[Date "2017.09.10"]
[Round "5"]
[White "Librelato, Kathie Goulart"]
[Black "Librelato, Ana Julia Goulart"]
[Result "1-0"]
[WhiteElo "2085"]
[BlackElo "1667"]
[PlyCount "80"]
[EventDate "2017.09.05"]
[EventType "swiss"]
[EventRounds "9"]
[EventCountry "ARG"]
[SourceTitle "CBM 180 Extra"]
[Source "ChessBase"]
[SourceDate "2017.10.06"]
[SourceVersion "1"]
[SourceVersionDate "2017.10.06"]
[SourceQuality "1"]

1. e4 e5 2. Nf3 Nc6 3. Nc3 Nf6 4. Be2 Bc5 5. Nxe5 Nxe5 6. d4 Bd6 7. dxe5 Bxe5 8. Bd3 Bxc3+ 9. bxc3 0-0 10. 0-0 Qe7 11. Re1 Qc5 12. Rb1 d6 13. Rb5 Qc6 14. e5 Ng4 15. f3 Nh6 16. Rd5 dxe5 17. Ba3 Re8 18. Kh1 Qf6 19. Bb5 c6 20. Rd6 Qe7 21. Bc4 Qc7 22. Rxe5 Be6 23. Bxe6 fxe6 24. Rexe6 Red8 25. Qe1 Qa5 26. Bb4 Qb6 27. c4 Nf5 28. Ba5 Nxd6 29. Bxb6 axb6 30. h4 Nxc4 31. Re7 Nd6 32. Qe6+ Kh8 33. h5 h6 34. Qg6 Ne8 35. g4 Rd1+ 36. Kg2 Rd2+ 37. Kg3 Rdd8 38. g5 hxg5 39. h6 Rab8 40. hxg7+ Kg8 1-0

[Event "American Continental (Women) 10th"]
[Site "Villa Martelli"]
[Date "2017.09.05"]
[Round "1"]
[White "Vazquez Maccarini, Danitza"]
[Black "Librelato, Ana Julia Goulart"]
[Result "1-0"]
[WhiteElo "2173"]
[BlackElo "1667"]
[PlyCount "79"]
[EventDate "2017.09.05"]
[EventType "swiss"]
[EventRounds "9"]
[EventCountry "ARG"]
[SourceTitle "CBM 180 Extra"]
[Source "ChessBase"]
[SourceDate "2017.10.06"]
[SourceVersion "1"]
[SourceVersionDate "2017.10.06"]
[SourceQuality "1"]

1. e4 e5 2. Nf3 Nc6 3. Bb5 a6 4. Ba4 Nf6 5. d3 b5 6. Bb3 Be7 7. c3 d6 8. h3 0-0 9. 0-0 Na5 10. Bc2 c5 11. Re1 Nc6 12. Nbd2 Re8 13. Nf1 h6 14. d4 cxd4 15. cxd4 exd4 16. Nxd4 Nxd4 17. Qxd4 Be6 18. Bb3 Bxb3 19. axb3 Bf8 20. Ng3 Qc7 21. Bxh6 Qc5 22. Be3 Qc6 23. Rac1 Qd7 24. Bg5 Re6 25. Bxf6 Rxf6 26. Nh5 Rg6 27. Nf4 Rg5 28. Kh2 g6 29. Nd5 Bg7 30. Qe3 Qd8 31. Nc7 Rc8 32. Ne6 fxe6 33. Rxc8 Rxg2+ 34. Kxg2 Qxc8 35. Rc1 Qb7 36. Rc2 Kf7 37. f3 Be5 38. Qc1 Qb6 39. Rc7+ Kf6 40. h4 1-0

[Event "BRA-ch sf (Women)"]
[Site "Icara"]
[Date "2017.06.30"]
[Round "3"]
[White "Librelato, Ana Julia Goulart"]
[Black "Senger, Maria Clara da Silv"]
[Result "1-0"]
[WhiteElo "1596"]
[BlackElo "1236"]
[PlyCount "57"]
[EventDate "2017.06.29"]
[EventType "swiss"]
[EventRounds "7"]
[EventCountry "BRA"]
[SourceTitle "CBM 179 Extra"]
[Source "ChessBase"]
[SourceDate "2017.08.23"]
[SourceVersion "1"]
[SourceVersionDate "2017.08.23"]
[SourceQuality "1"]

1. e4 e5 2. Nf3 Nc6 3. Bb5 a6 4. Ba4 Nf6 5. 0-0 Be7 6. Re1 b5 7. Bb3 d6 8. c3 Na5 9. Bc2 c5 10. h3 0-0 11. d4 Qc7 12. Nbd2 Bd7 13. Nf1 cxd4 14. cxd4 Rac8 15. Ne3 g6 16. Bd2 Nc4 17. Nxc4 Qxc4 18. Bb3 Qc7 19. Bh6 Rfe8 20. dxe5 dxe5 21. Ng5 Be6 22. Nxe6 fxe6 23. Bxe6+ Kh8 24. Bxc8 Rxc8 25. Rc1 Qb7 26. Qb3 Bd8 27. Rxc8 Qxc8 28. Qf7 Qd7 29. Bg7# 1-0

[Event "BRA-ch U16 Girls"]
[Site "Itajai"]
[Date "2017.06.02"]
[Round "2"]
[White "Di Simoni, Rafaela Moura"]
[Black "Librelato, Ana Julia Goulart"]
[Result "0-1"]
[WhiteElo "1468"]
[BlackElo "1596"]
[PlyCount "144"]
[EventDate "2017.06.01"]
[EventType "swiss"]
[EventRounds "6"]
[EventCountry "BRA"]
[SourceTitle "CBM 179 Extra"]
[Source "ChessBase"]
[SourceDate "2017.08.23"]
[SourceVersion "1"]
[SourceVersionDate "2017.08.23"]
[SourceQuality "1"]

1. e4 e5 2. Nf3 Nc6 3. Bc4 Nf6 4. Ng5 d5 5. exd5 Na5 6. d3 h6 7. Nf3 e4 8. Qe2 Bd6 9. h3 0-0 10. Nh2 Bxh2 11. Rxh2 exd3 12. cxd3 Re8 13. Be3 Nxd5 14. Bxd5 Qxd5 15. Nc3 Qd6 16. Rh1 Qc6 17. Rg1 f5 18. g3 b6 19. d4 Bb7 20. 0-0-0 Rad8 21. Qh5 Qf6 22. Rde1 Rf8 23. f4 Nc6 24. g4 Nxd4 25. Bxd4 Qxd4 26. Ref1 Qd2+ 27. Kb1 Ba6 28. Rf3 Bd3+ 29. Ka1 Be4 30. Nxe4 fxe4 31. Rff1 e3 32. g5 e2 33. Re1 hxg5 34. fxg5 Rfe8 35. g6 Re6 36. Qh7+ Kf8 37. Qh8+ Ke7 38. Qxg7+ Kd6 39. Qc3 Qxc3 40. bxc3 Ke7 41. Kb2 Kf8 42. Kc1 Kg7 43. Rg2 Rxg6 44. Rxg6+ Kxg6 45. Rxe2 Rd3 46. Kc2 Rxh3 47. Re7 Rh7 48. Rxh7 Kxh7 49. Kd3 Kg6 50. Kd4 Kf6 51. Kd5 Ke7 52. Kc6 Kd8 53. c4 Kc8 54. a3 Kb8 55. a4 Kc8 56. c5 Kb8 57. Kb5 Kb7 58. cxb6 axb6 59. a5 bxa5 60. Kxa5 Kc6 61. Ka4 Kd5 62. Kb3 c6 63. Kb2 Kd4 64. Kc1 Kc3 65. Kb1 Kd2 66. Kb2 c5 67. Kb3 Kd3 68. Kb2 c4 69. Kc1 Kc3 70. Kd1 Kb2 71. Kd2 c3+ 72. Ke3 c2 0-1

[Event "Icara op U2200 1st"]
[Site "Icara"]
[Date "2016.08.07"]
[Round "6"]
[White "Woichinevski, Joao Vinicius Peruc"]
[Black "Librelato, Ana Julia Goulart"]
[Result "0-1"]
[WhiteElo "1800"]
[BlackElo "1614"]
[PlyCount "108"]
[EventDate "2016.08.05"]
[EventType "swiss"]
[EventRounds "7"]
[EventCountry "BRA"]
[SourceTitle "CBM 173 Extra"]
[Source "ChessBase"]
[SourceDate "2016.08.29"]
[SourceVersion "1"]
[SourceVersionDate "2016.08.29"]
[SourceQuality "1"]

1. e4 e5 2. Nf3 Nc6 3. Bb5 a6 4. Bxc6 dxc6 5. 0-0 f6 6. d4 exd4 7. Qxd4 Qxd4 8. Nxd4 Bd7 9. Nc3 0-0-0 10. f4 Bc5 11. Be3 Re8 12. a3 Nh6 13. h3 Nf7 14. Rae1 Nd6 15. Bf2 Nc4 16. Nb3 Bxf2+ 17. Rxf2 Nxb2 18. Rfe2 Nc4 19. a4 Re7 20. Nc5 g5 21. Nxd7 Kxd7 22. fxg5 fxg5 23. Kf2 Rhe8 24. Rb1 Kc8 25. Rb4 Nd6 26. Kf3 c5 27. Rb1 Rf8+ 28. Kg4 h6 29. Rbe1 Nc4 30. Kh5 Re6 31. Nd5 c6 32. Ne3 Rxe4 33. Nxc4 Rxc4 34. Kxh6 Rxa4 35. Kxg5 Rg8+ 36. Kh5 Kc7 37. g4 Rh8+ 38. Kg5 Rxh3 39. Re7+ Kb6 40. Rb1+ Rb4 41. Rxb4+ cxb4 42. Kf6 Rg3 43. g5 a5 44. g6 a4 45. Kf7 b3 46. cxb3 axb3 47. Re2 c5 48. g7 c4 49. g8Q Rxg8 50. Kxg8 c3 51. Re4 b2 52. Rb4+ Kc6 53. Rc4+ Kd5 54. Rb4 c2 0-1

[Event "Icara op U2200 1st"]
[Site "Icara"]
[Date "2016.08.06"]
[Round "4"]
[White "Da Silva, Mateus Santiago"]
[Black "Librelato, Ana Julia Goulart"]
[Result "1/2-1/2"]
[WhiteElo "1623"]
[BlackElo "1614"]
[PlyCount "93"]
[EventDate "2016.08.05"]
[EventType "swiss"]
[EventRounds "7"]
[EventCountry "BRA"]
[SourceTitle "CBM 173 Extra"]
[Source "ChessBase"]
[SourceDate "2016.08.29"]
[SourceVersion "1"]
[SourceVersionDate "2016.08.29"]
[SourceQuality "1"]

1. d4 Nf6 2. c4 g6 3. Nc3 Bg7 4. e4 d6 5. f3 0-0 6. Be3 e5 7. d5 c6 8. Qd2 cxd5 9. cxd5 a6 10. 0-0-0 b5 11. Kb1 Nbd7 12. Rc1 Nb6 13. h4 Bd7 14. g4 Rc8 15. Bd3 Nc4 16. Bxc4 Rxc4 17. Nh3 Qb8 18. Nf2 Rfc8 19. Nd3 b4 20. Ne2 b3 21. Nc3 bxa2+ 22. Kxa2 a5 23. Ne2 Ba4 24. Rxc4 Rxc4 25. Rc1 Bb3+ 26. Kb1 a4 27. Rxc4 Bxc4 28. Qc3 Qb5 29. Nec1 Ne8 30. Kc2 Bf6 31. g5 Bd8 32. Qb4 Ba5 33. Qxb5 Bxb5 34. Bd2 Bb6 35. Be1 Kf8 36. Na2 Bd4 37. Nc3 Bd7 38. Nb4 Nc7 39. Nc6 Bc5 40. Nxa4 Bg1 41. Nc3 Bh3 42. Kd3 Bf1+ 43. Ne2 Na6 44. b4 Nc7 45. Kd2 Bb6 46. Nc1 Nb5 47. Nb3 1/2-1/2

[Event "BRA-ch U16 Girls"]
[Site "Itajai"]
[Date "2016.06.11"]
[Round "4"]
[White "Zago, Caroline Datora"]
[Black "Librelato, Ana Julia Goulart"]
[Result "1-0"]
[WhiteElo "1642"]
[BlackElo "1592"]
[PlyCount "95"]
[EventDate "2016.06.09"]
[EventType "swiss"]
[EventRounds "6"]
[EventCountry "BRA"]
[SourceTitle "CBM 172 Extra"]
[Source "ChessBase"]
[SourceDate "2016.06.21"]
[SourceVersion "1"]
[SourceVersionDate "2016.06.21"]
[SourceQuality "1"]

1. d4 Nf6 2. Nc3 g6 3. e4 d6 4. Bc4 Bg7 5. Nf3 0-0 6. Qe2 e6 7. e5 Nfd7 8. exd6 cxd6 9. Bf4 Nf6 10. 0-0 a6 11. a3 Nc6 12. Rad1 Qe7 13. Rfe1 Re8 14. Qd3 b5 15. Ba2 b4 16. Na4 d5 17. Nc5 Nd7 18. Nxd7 Qxd7 19. Qb3 a5 20. Ne5 Qb7 21. Qf3 Ne7 22. Rd3 Nf5 23. Qh3 bxa3 24. bxa3 Qb2 25. Bb1 Ba6 26. Rd2 Rac8 27. c4 Qb7 28. g4 Ne7 29. c5 Nc6 30. Nf3 Qb3 31. Be3 Qxa3 32. Ng5 h6 33. Nf3 Bc4 34. Kg2 g5 35. Qh5 f6 36. h4 Rc7 37. hxg5 Ree7 38. gxh6 Bf8 39. Qg6+ Kh8 40. Qxf6+ Kg8 41. h7+ Rxh7 42. Bxh7+ Rxh7 43. Qxe6+ Kh8 44. Qxc6 Qb4 45. Qe8 Kg7 46. Ng5 Rh4 47. Ne6+ Kh7 48. Nxf8+ 1-0

[Event "Florianopolis op 2nd"]
[Site "Florianopolis"]
[Date "2016.01.19"]
[Round "5"]
[White "Kirchner, Jaison"]
[Black "Librelato, Ana Julia Goulart"]
[Result "1-0"]
[WhiteElo "1812"]
[BlackElo "1584"]
[PlyCount "67"]
[EventDate "2016.01.16"]
[EventType "swiss"]
[EventRounds "10"]
[EventCountry "BRA"]
[SourceTitle "CBM 170 Extra"]
[Source "ChessBase"]
[SourceDate "2016.02.25"]
[SourceVersion "1"]
[SourceVersionDate "2016.02.25"]
[SourceQuality "1"]

1. d4 Nf6 2. Nf3 g6 3. c4 Bg7 4. Nc3 0-0 5. Bg5 d6 6. Qd2 c5 7. d5 Nbd7 8. Bh6 a6 9. e4 Qc7 10. Be2 Re8 11. h4 Bh8 12. Ng5 Ne5 13. h5 e6 14. hxg6 fxg6 15. 0-0-0 Nf7 16. dxe6 Bxe6 17. Nxf7 Qxf7 18. Qd3 Rad8 19. f3 Qc7 20. Bg5 Rd7 21. Bxf6 Bxf6 22. Nd5 Bxd5 23. Qxd5+ Kh8 24. f4 Rdd8 25. Rh3 Qb6 26. Rb3 Qa5 27. Kb1 b6 28. Rh1 Rd7 29. e5 Bxe5 30. fxe5 Rxe5 31. Qf3 Re8 32. Bd1 Rde7 33. Qf6+ Kg8 34. Rg3 1-0

[Event "Florianopolis op 2nd"]
[Site "Florianopolis"]
[Date "2016.01.17"]
[Round "3"]
[White "Farias, Edilsom"]
[Black "Librelato, Ana Julia Goulart"]
[Result "1-0"]
[WhiteElo "1898"]
[BlackElo "1584"]
[PlyCount "99"]
[EventDate "2016.01.16"]
[EventType "swiss"]
[EventRounds "10"]
[EventCountry "BRA"]
[SourceTitle "CBM 170 Extra"]
[Source "ChessBase"]
[SourceDate "2016.02.25"]
[SourceVersion "1"]
[SourceVersionDate "2016.02.25"]
[SourceQuality "1"]

1. d4 Nf6 2. c4 g6 3. Nc3 Bg7 4. e4 d6 5. Nf3 0-0 6. Be2 Na6 7. 0-0 e5 8. d5 Nc5 9. Qc2 a5 10. Be3 Ng4 11. Bxc5 dxc5 12. h3 Nh6 13. Rfd1 f5 14. Qd2 Nf7 15. Bd3 Nd6 16. Re1 f4 17. Kf1 b6 18. a4 Qe8 19. b3 h6 20. Ke2 Qd7 21. Kd1 Nf7 22. Kc2 Nd8 23. Be2 c6 24. Rad1 Rf7 25. Qc1 Qe7 26. Rd2 cxd5 27. cxd5 Nb7 28. Nb5 Bd7 29. d6 Qd8 30. Bc4 Qf8 31. Red1 Rc8 32. Kb2 Kh7 33. Bd5 Nd8 34. Bxf7 Qxf7 35. Nc7 Nc6 36. Qc4 Qf6 37. Nd5 Qd8 38. Ne7 Rb8 39. Qf7 Qf8 40. Qxg6+ Kh8 41. Ka3 Be8 42. Qe6 Bf7 43. Ng6+ Bxg6 44. Qxg6 Nd4 45. Nxd4 cxd4 46. Rc1 Rd8 47. Rc6 Bf6 48. Rdc2 Rxd6 49. Kb2 Rd8 50. Rxf6 1-0

[Event "Florianopolis op 2nd"]
[Site "Florianopolis"]
[Date "2016.01.16"]
[Round "1"]
[White "Alboredo, Julia"]
[Black "Librelato, Ana Julia Goulart"]
[Result "1-0"]
[WhiteElo "2057"]
[BlackElo "1584"]
[PlyCount "73"]
[EventDate "2016.01.16"]
[EventType "swiss"]
[EventRounds "10"]
[EventCountry "BRA"]
[SourceTitle "CBM 170 Extra"]
[Source "ChessBase"]
[SourceDate "2016.02.25"]
[SourceVersion "1"]
[SourceVersionDate "2016.02.25"]
[SourceQuality "1"]

1. e4 e5 2. Nf3 Nc6 3. Bb5 a6 4. Ba4 Nf6 5. d3 d6 6. h3 b5 7. Bb3 Na5 8. Nbd2 Nxb3 9. axb3 g6 10. Nf1 Bg7 11. Ng3 0-0 12. 0-0 Bb7 13. Re1 Re8 14. b4 c6 15. Nd2 d5 16. Qf3 Qd6 17. c3 Nd7 18. Nb3 Nb6 19. Nc5 Bc8 20. Be3 d4 21. cxd4 exd4 22. Bf4 Qe7 23. Rec1 Nd7 24. Ne2 Qd8 25. Qg3 Ra7 26. Nb3 Qb6 27. Bd6 Re6 28. Nc5 Re8 29. f4 Qd8 30. e5 Nb6 31. Nxd4 Bb7 32. Nxb7 Rxb7 33. Nxc6 Qd7 34. Na5 Ra7 35. Bc5 Qe6 36. Qf2 Rb8 37. Bd6 1-0

[Event "BRA-ch sf (Women)"]
[Site "Blumenau"]
[Date "2015.10.31"]
[Round "4.5"]
[White "Librelato, Ana Julia Goulart"]
[Black "Kikuchi Cadilhac, Mariana Sawae"]
[Result "0-1"]
[WhiteElo "1622"]
[BlackElo "1444"]
[PlyCount "96"]
[EventDate "2015.10.30"]
[EventType "swiss"]
[EventRounds "7"]
[EventCountry "BRA"]
[SourceTitle "EXT 2022"]
[Source "ChessBase"]
[SourceDate "2021.10.06"]
[SourceVersion "1"]
[SourceVersionDate "2021.10.06"]
[SourceQuality "1"]

1. e4 e5 2. Nf3 Nc6 3. Bb5 a6 4. Ba4 Nf6 5. 0-0 b5 6. Bb3 h6 7. Re1 Be7 8. c3 0-0 9. d4 d6 10. h3 Bb7 11. Nbd2 Kh8 12. Nf1 Na5 13. Bc2 Nc6 14. Ng3 Bc8 15. a4 Rb8 16. Bd3 b4 17. Bd2 a5 18. Be3 Bd7 19. d5 bxc3 20. bxc3 Nxe4 21. Bxe4 f5 22. Bxf5 Bxf5 23. Nxf5 Rxf5 24. dxc6 Bh4 25. Rb1 Rc8 26. Rb7 Qf6 27. Nxh4 Qxh4 28. Qb1 Rf7 29. Qb5 Rcf8 30. Re2 g5 31. Rb8 g4 32. Rxf8+ Rxf8 33. hxg4 Qxg4 34. Re1 Rg8 35. g3 h5 36. Qxa5 h4 37. Qb4 Qh3 38. Bf4 exf4 39. Qxf4 hxg3 40. Qf6+ Rg7 41. Re8+ Kh7 42. fxg3 Rxg3+ 43. Kf2 Qh2+ 44. Ke1 Rg1+ 45. Qf1 Rxf1+ 46. Kxf1 Qh1+ 47. Kf2 Qh4+ 48. Ke3 Qe1+ 0-1